00402nam a2200145 a 450000100060000000300090000600800410001504000280005608200150008410000270009924500490012626000500017530000090022565000220023414679CO-ViMGA141112s2004 ck r 000 u spa d aCO-ViMGAbspacCO-ViMGA04aCo861 B1771 aBarrera Salgado, Jorge10aPoemas de amor y de otras necesidades....... aCartagena.Artes graficas Sanchez Barroso.2001 a21p.14aPOESIA COLOMBIANA